00597nam a2200181Ia 4500952013800000999001700138003000400155005001700159008004100176040000900217082001500226100002400241245004800265260004600313300000700359650001300366942003600379 00102ddc40708POLITICAL SCIENCEaMESbMEScPOLd2019-02-20g5.00l0o320 RAJ/Wp39209r2019-02-20 00:00:00w2019-02-20yBKzGL10R1 c35016d35016OSt20200203144925.0190216s9999||||xx |||||||||||||| ||und|| coclc a320bRAJ/W aRajshekar, V T9345 0aWhat Is Wrong With Muslims /cV T Rajshekar bDalit Sahitya Akademy,c2008.aBangalore: a8p aPolitics cBK2ddch320iRAJ/Wk320mRAJ/W